Paises Mas Ricos Del Mundo Por Pbi - Estadísticas

Estadísticas generales
  • Esta prueba ha sido intentada 119 veces
  • La puntuación promedio es 14 de 15
Estadísticas de respuestas
Hint Respuesta % Correcto
1 Estados Unidos
99%
4 Alemania
96%
2 China
96%
14 España
95%
7 Francia
95%
3 Japon
95%
12 Rusia
94%
6 India
91%
5 Reino Unido
90%
13 Australia
88%
8 Italia
88%
15 Mexico
88%
11 Brasil
86%
9 Canada
85%
10 Corea Del Sur
76%
No se encontraron pruebas coincidentes
Distribución de puntuación
Porcentaje de gente con cada puntuación
Porcentaje por número respondido
Historial de tus puntuaciones
No has intentado esta prueba.